[Event "XXI TCh-MKD 2012"]
[Site "Struga MKD"]
[Date "2012.07.18"]
[Round "3.2"]
[White "Stamenkov,V"]
[Black "Pancevski,F"]
[Result "1/2-1/2"]
[WhiteElo "2319"]
[BlackElo "2462"]

1.d4 Nf6 2.Nf3 g6 3.c4 Bg7 4.g3 O-O 5.Bg2 d6 6.O-O Nbd7 7.Nc3 c6 8.b3 Re8
9.Bb2 a6 10.e4 e5 11.Qc2 exd4 12.Nxd4 Qc7 13.Rad1 a5 14.h3 Nc5 15.Kh2 Qb6
16.Nde2 a4 17.Nc1 Qc7 18.Nd3 axb3 19.axb3 Ne6 20.Nc1 h5 21.Kh1 h4 22.g4 Nf4
23.N1e2 Nxg2 24.Kxg2 b5 25.cxb5 cxb5 26.Qd3 Bb7 27.f3 d5 28.Nxb5 dxe4 29.Nxc7 exd3
30.Nxe8 dxe2 31.Nxf6+ Bxf6 32.Bxf6 exf1=Q+ 33.Rxf1 Bd5 34.b4 Ra2+ 35.Kg1 Kh7
36.g5 Ra3 37.Rd1 Bxf3 38.Rd8 Ra8 39.Rd7 Be2 40.Rxf7+ Kg8 41.Rg7+ Kf8 42.Rxg6 Ra3
43.Rh6 Rxh3 44.Kg2 Bg4 45.Be5 Re3 46.Bd6+ Kf7 47.Rxh4 Bf5 48.Kf2 Rb3 49.Bc5 Ke6
50.Rh6+ Ke5 51.Bd6+ Ke4 52.g6 Rb2+ 53.Kg3 Rb1 54.Bc5 Rb3+ 55.Kh4 Ke5 56.Bf8 Rh3+
57.Kg5 Rg3+ 58.Kh4 Rh3+ 59.Kg5 Rg3+  1/2-1/2

[Event "Turkish Bank Chess League 2012"]
[Site "Konya TUR"]
[Date "2012.07.19"]
[Round "10"]
[White "Kazimova,N"]
[Black "Firat,Deniz"]
[Result "1-0"]
[WhiteElo "2198"]
[BlackElo "1657"]

1.Nf3 Nf6 2.c4 g6 3.d4 Bg7 4.g3 O-O 5.Bg2 d6 6.O-O c5 7.Nc3 Nc6 8.dxc5 dxc5
9.Be3 Be6 10.Qa4 Qb6 11.Qb5 Nd7 12.Ng5 a6 13.Qxb6 Nxb6 14.Nxe6 fxe6 15.Bh3 Ne5
16.Bxe6+ Kh8 17.Bxc5 Nexc4 18.Rac1 Rfd8 19.Rfd1 Rxd1+ 20.Nxd1 Nxb2 21.Bxb6  1-0

[Event "Turkish Bank Chess League 2012"]
[Site "Konya TUR"]
[Date "2012.07.19"]
[Round "10"]
[White "Tulay,B"]
[Black "Klinova,M"]
[Result "0-1"]
[WhiteElo "2123"]
[BlackElo "2318"]

1.d4 d6 2.Nf3 Nf6 3.g3 g6 4.Bg2 Bg7 5.c4 O-O 6.O-O c6 7.Nc3 Bf5 8.Nh4 Be6
9.d5 cxd5 10.cxd5 Bd7 11.Bd2 Na6 12.a4 Qc7 13.Ra3 Rfc8 14.Qb1 Nb4 15.a5 Qd8
16.e4 Ng4 17.Rb3 Na6 18.Rxb7 Nc5 19.Rb4 Qxa5 20.Ne2 Qa6 21.Nc1 Ne5 22.Re1 Bb5
23.Bc3 Rab8 24.f4 Ned3 25.Nxd3  0-1

[Event "ch-SUI Hauptturnier 1 2012"]
[Site "Flims SUI"]
[Date "2012.07.20"]
[Round "9"]
[White "Jurek,J"]
[Black "Alvir,A"]
[Result "1-0"]
[WhiteElo "2328"]
[BlackElo "2367"]

1.Nf3 Nf6 2.c4 g6 3.d4 Bg7 4.g3 O-O 5.Bg2 d6 6.Nc3 c6 7.O-O Qa5 8.e4 e5 9.h3 Nbd7
10.Re1 exd4 11.Nxd4 Ne5 12.Bf1 Re8 13.Kg2 Be6 14.Nxe6 Rxe6 15.Be3 Ned7 16.f3 Rae8
17.Bf2 Nh5 18.Qd2 Be5 19.Rac1 Ng7 20.Red1 a6 21.a3 g5 22.c5 Nf8 23.Ne2 Qc7
24.f4 gxf4 25.gxf4 Rg6+ 26.Kh1 dxc5 27.fxe5 Qxe5 28.Bg2 Nfe6 29.Qc3 Qg5 30.Rg1 Rd8
31.Be3 Qh5 32.Nf4 Nxf4 33.Bxf4 Ne6 34.Bh2 c4 35.Qf3 Qb5 36.Qc3 Qb6 37.Rc2 Rd3
38.Qxc4 Qd8 39.Rf2 b5 40.Qc1 Ng5 41.Qf4  1-0

[Event "ch-PHI Grand Final 2012"]
[Site "Boracay PHI"]
[Date "2012.07.21"]
[Round "9.2"]
[White "Laylo,D"]
[Black "Segarra,R"]
[Result "1-0"]
[WhiteElo "2489"]
[BlackElo "2283"]

1.d4 Nf6 2.c4 g6 3.Nf3 Bg7 4.g3 O-O 5.Bg2 d6 6.O-O c6 7.Nc3 Qa5 8.e4 e5 9.h3 Nbd7
10.Re1 exd4 11.Nxd4 Ne5 12.Bf1 Be6 13.f4 Qc5 14.Kg2 Ned7 15.Nxe6 fxe6 16.Be3 Qb4
17.Rb1 Ne8 18.e5 d5 19.h4 Qe7 20.Qb3 Nb8 21.Bd3 Qd7 22.Rbd1 b6 23.Qc2 Nc7
24.h5 Nba6 25.hxg6 Nb4 26.gxh7+ Kh8 27.Qe2 Rae8 28.Bg6 Rd8 29.a3 Nba6 30.Ne4 Qe7
31.Ng5 Nc5 32.Bxc5 bxc5 33.Nf3 Bh6 34.Rh1 Bxf4 35.gxf4 Rxf4 36.Rh3 Rdf8 37.Rg3 dxc4
38.Be4 Nd5 39.Rh1 Qf7 40.Bxd5 cxd5 41.Rh4 a5 42.Rhg4 Rxg4 43.Rxg4 c3 44.bxc3 Qb7
45.Nh4 d4+ 46.Kg3 Rf7 47.Ng6+  1-0

[Event "23rd Czech Open A"]
[Site "Pardubice CZE"]
[Date "2012.07.21"]
[Round "2.18"]
[White "Stefansson,H"]
[Black "Suran,J"]
[Result "1/2-1/2"]
[WhiteElo "2515"]
[BlackElo "2363"]

1.d4 Nf6 2.c4 g6 3.Nf3 Bg7 4.g3 O-O 5.Bg2 d6 6.O-O c6 7.Nc3 Bf5 8.Nh4 Be6
9.d5 cxd5 10.cxd5 Bd7 11.Be3 Na6 12.Bd4 Ng4 13.Nf3 Bxd4 14.Qxd4 Qb6 15.Qd2 Nc5
16.h3 Nf6 17.Nd4 Na4 18.Nxa4 Bxa4 19.b3 Bd7 20.e4 Rac8 21.Rfe1 Rc5 22.Rad1 Rfc8
23.Qh6 Re8 24.Kh2 a5 25.f4 e5 26.fxe5 Rxe5 27.Qf4 Nh5 28.Qf2 Rc8 29.Rf1 Be8
30.g4 Ng7 31.Qh4 h5 32.Rf6 Rc3 33.Qf2 Qd8 34.Rf1 Qe7 35.Qd2 Rc8 36.Qh6 hxg4
37.hxg4 Nh5 38.R6f3 Qh4+ 39.Bh3 Rxe4 40.gxh5 Rxd4 41.Rg1 Rc2+ 42.Kh1 f5 43.Rxg6+ Bxg6
44.Qxg6+ Kh8 45.Qe8+ Kg7 46.Qg6+  1/2-1/2

[Event "16th Battle of Senta Open A"]
[Site "Senta SRB"]
[Date "2012.07.21"]
[Round "9.11"]
[White "Dimic,P"]
[Black "Cabarkapa,N"]
[Result "1-0"]
[WhiteElo "2116"]
[BlackElo "2254"]

1.d4 Nf6 2.Nf3 g6 3.c4 Bg7 4.g3 d6 5.Bg2 O-O 6.O-O Nbd7 7.Nc3 e5 8.e4 exd4
9.Nxd4 Re8 10.Re1 a5 11.Rb1 Nc5 12.h3 Nfd7 13.Be3 c6 14.b3 Qc7 15.f4 Ne6
16.Nde2 b6 17.Bf2 Ba6 18.Qd2 Rad8 19.Rbd1 Ndc5 20.g4 h6 21.Bg3 Nf8 22.Bh4 f6
23.Bg3 Bc8 24.f5 Nb7 25.Nf4 g5 26.Nh5 Qf7 27.Qf2 Qc7 28.Qd4 Re5 29.Bxe5 dxe5
30.Qe3 Nd7 31.Nxg7 Kxg7 32.Rd2 Rh8 33.Red1 h5 34.h4 gxh4 35.g5 Qd8 36.g6 Qe7
37.Bf1 Ndc5 38.Rh2 Nd6 39.Qf3  1-0

[Event "27th Avoine Open"]
[Site "Avoine FRA"]
[Date "2012.07.22"]
[Round "2.41"]
[White "Hartmann,D"]
[Black "Devallee,J"]
[Result "0-1"]
[WhiteElo "1910"]
[BlackElo "2106"]

1.d4 Nf6 2.c4 g6 3.g3 Bg7 4.Bg2 O-O 5.Nf3 d6 6.Nc3 Nc6 7.O-O a6 8.h3 Rb8
9.b3 b5 10.a3 bxc4 11.bxc4 Na5 12.Qd3 Be6 13.Nd2 Nd7 14.e3 c5 15.Ne2 Nb6
16.Re1 Nbxc4 17.Nf4 Bf5 18.e4 Nxd2 19.Bxd2 Bc8 20.e5 cxd4 21.exd6 e5 22.Nd5 Nb3
23.Ne7+ Kh8 24.Nc6 Qxd6 25.Nxb8 Nxa1 26.Bb4 Qxb8 27.Bxf8 Bxf8 28.Rxa1 Qd6
29.a4 Bd7 30.Bf1 a5 31.Qf3 Kg7 32.Bc4 f6 33.Qb7 Be7 34.Qa8 Bxh3 35.Rb1 Qc5
36.Qg8+ Kh6 37.Kh2 Bf5 38.Rb7 d3 39.Kg1 d2 40.Rd7  0-1

[Event "30th Andorra Open"]
[Site "Erts-La Massana AND"]
[Date "2012.07.24"]
[Round "4.13"]
[White "Zoler,D"]
[Black "Valdes,Le"]
[Result "1-0"]
[WhiteElo "2527"]
[BlackElo "2380"]

1.d4 d6 2.Nf3 Nf6 3.c4 g6 4.g3 Bg7 5.Bg2 O-O 6.O-O Nbd7 7.Nc3 e5 8.e3 a6
9.a4 Re8 10.b3 h6 11.Ba3 Nh7 12.Qc2 Ng5 13.Nxg5 hxg5 14.c5 exd4 15.exd4 Nf8
16.c6 Rb8 17.cxb7 Bxb7 18.d5 Bc8 19.Rac1 Bf5 20.Qd1 Qd7 21.b4 Bh3 22.Qd3 Ra8
23.Rfe1 Nh7 24.Rxe8+ Rxe8 25.b5 axb5 26.Nxb5 g4 27.Nxc7 Bh6 28.Nxe8 Bxc1
29.Bxc1 Qxe8 30.Qe4 Qb8 31.Bf1 Nf6 32.Qd4 Qb1 33.Qc4 Nd7 34.Qc8+ Kh7 35.Qxd7 Qxc1
36.Qxf7+ Kh8 37.Qe8+ Kg7 38.Qe7+ Kg8 39.Qe2 Qa1 40.a5 Bxf1 41.Qxf1 Qxa5 42.Qd3 Qe1+
43.Kg2 Kh7 44.Qe3 Qd1 45.Qe4 Kg7 46.Qe7+ Kg8 47.Qe8+ Kg7 48.Qe4 Kf8 49.h3 gxh3+
50.Kxh3 Qf1+ 51.Kg4 Kf7 52.Qe6+ Kg7 53.Kg5 Qd3 54.Qf6+ Kh7 55.Qf7+ Kh8 56.Qf8+  1-0

[Event "23rd Czech Open A"]
[Site "Pardubice CZE"]
[Date "2012.07.24"]
[Round "5.31"]
[White "Michiels,B"]
[Black "Savitskiy,S"]
[Result "1/2-1/2"]
[WhiteElo "2515"]
[BlackElo "2367"]

1.d4 Nf6 2.c4 g6 3.Nf3 Bg7 4.g3 O-O 5.Bg2 d6 6.Nc3 Nc6 7.O-O a6 8.b3 Rb8
9.Nd5 b5 10.Nxf6+ Bxf6 11.Bh6 Re8 12.Rc1 e5 13.dxe5 Nxe5 14.Nxe5 Rxe5 15.Bf4 Rc5
16.Be3 Re5 17.Ba7 Be6 18.Bxb8 Qxb8 19.cxb5 axb5 20.Qd2 Qa7 21.e3 h5 22.h3 h4
23.g4 Kg7 24.Rfe1 g5 25.Rc2 Rc5 26.Rec1 Qa3 27.Bc6 Rxc2 28.Rxc2 b4 29.Bd5 Qa5
30.Bxe6 fxe6 31.Rc6 Bc3 32.Qd3 Qxa2 33.Rxc7+ Kf6 34.Qh7 Ke5 35.Qg7+ Ke4 36.Qg6+ Kf3
37.Rf7+ Ke2 38.Qe4 Qxb3 39.Qf3+ Kd2 40.Kg2 Qd5 41.Qxd5+ exd5 42.Rd7 d4 43.exd4 b3
44.Rxd6 b2 45.Rb6 Bxd4 46.Rb7 Be5 47.f4 gxf4 48.Kf3 Kc2 49.g5 b1=Q 50.Rxb1 Kxb1
51.g6 Kc2 52.Ke4 Bg7 53.Kxf4 Kd3 54.Kg4 Ke4 55.Kxh4 Kf5  1/2-1/2

[Event "23rd Czech Open A"]
[Site "Pardubice CZE"]
[Date "2012.07.24"]
[Round "5.88"]
[White "Jasny,S"]
[Black "Linster,P"]
[Result "1/2-1/2"]
[WhiteElo "2317"]
[BlackElo "2205"]

1.d4 Nf6 2.c4 g6 3.g3 Bg7 4.Bg2 O-O 5.Nf3 d6 6.O-O Nc6 7.Nc3 a6 8.e4 Bg4
9.Be3 Nd7 10.Ne2 Na5 11.Rc1 c5 12.h3 Bxf3 13.Bxf3 cxd4 14.Nxd4 Ne5 15.Be2 Nec6
16.Nxc6 Nxc6 17.Qd2 Qa5 18.Qxa5 Nxa5 19.Rc2 Nc6 20.Rd2 a5 21.c5 dxc5 22.Bxc5 Rfc8
23.f4 e6 24.Bf2 a4 25.Rc1 a3 26.e5 Bf8 27.bxa3 Bxa3 28.Rb1 Nb4 29.Rd7 Rc2
30.Bd1 Rxa2 31.Bb3 Rb2 32.Rxb2 Bxb2 33.Rxb7 Nd3 34.Bc2 Ra1+ 35.Kg2 Nxf2 36.Rxb2 Nd1
37.Bxd1  1/2-1/2

[Event "TCh-CRC Premier 2012"]
[Site "San Jose CRC"]
[Date "2012.07.25"]
[Round "3.4"]
[White "Minero Pineda,S"]
[Black "Leyva,H"]
[Result "0-1"]
[WhiteElo "2412"]
[BlackElo "2389"]

1.d4 Nf6 2.c4 g6 3.Nf3 Bg7 4.g3 O-O 5.Bg2 d6 6.O-O Nbd7 7.Nc3 e5 8.h3 exd4
9.Nxd4 Re8 10.e4 Nc5 11.Re1 Bd7 12.Bf4 h6 13.Rb1 Qc8 14.Kh2 a6 15.Qc2 Nfxe4
16.Bxe4 Bxd4 17.Bxg6 Rxe1 18.Bh7+ Kg7 19.Rxe1 Bxc3 20.Re7 Be6 21.bxc3 Kf8
22.Rxe6 Qxe6 23.Bf5 Qf6 24.Be3 Re8 25.h4 Re5 26.Bh3 Rxe3 27.fxe3 Qe5 28.Bg2 Qxe3
29.Qh7 c6 30.Qh8+ Ke7 31.Qc8 Qe5 32.Qc7+ Kf8 33.Qc8+ Qe8 34.Qf5 Qe6 35.Qf4 Nd3
36.Qf1 Ne5 37.Qb1 Ng4+ 38.Kh1 Qe3  0-1

[Event "27th Avoine Open"]
[Site "Avoine FRA"]
[Date "2012.07.26"]
[Round "6.49"]
[White "Suez Panama,G"]
[Black "Gomard,Jonathan"]
[Result "1-0"]
[WhiteElo "2019"]
[BlackElo "1775"]

1.d4 Nf6 2.Nf3 g6 3.c4 Bg7 4.g3 d6 5.Bg2 O-O 6.Nc3 Nfd7 7.O-O c5 8.d5 Nf6
9.h3 e5 10.e4 Na6 11.Be3 Bd7 12.Qd2 Rb8 13.a4 Nb4 14.Ne1 Ne8 15.Nb5 a6 16.Nxd6 b6
17.Nxe8 Rxe8 18.Nd3 Nxd3 19.Qxd3 f5 20.exf5 gxf5 21.Qd2 Qf6 22.Bg5 Qg6 23.Ra2 h6
24.Bh4 Bf8 25.d6 Kh7 26.Rd1 a5 27.b3 Qg7 28.Qe2 Re6 29.Rad2 Ree8 30.Bf3 Qh8
31.Bh5 Rec8 32.Be7 Bg7 33.Bf7 Bf6 34.Qh5 Qg7 35.Rd5 Kh8 36.Bg6 f4 37.Bxf6 Qxf6
38.Qxh6+ Kg8 39.Rxe5  1-0

[Event "Dutch Open 2012"]
[Site "Dieren NED"]
[Date "2012.07.26"]
[Round "3.18"]
[White "Van Lanen,A"]
[Black "Van Osch,Mees"]
[Result "1-0"]
[WhiteElo "2147"]
[BlackElo "2071"]

1.d4 Nf6 2.Nf3 g6 3.g3 Bg7 4.Bg2 O-O 5.c4 d6 6.O-O Nc6 7.Nc3 a6 8.Bg5 Rb8
9.a4 Nb4 10.Qd2 Re8 11.Rfd1 a5 12.Rac1 c6 13.e4 Bg4 14.h3 Bxf3 15.Bxf3 Qc7
16.e5 Nd7 17.exd6 Qxd6 18.Ne4 Qc7 19.Bh6 Bh8 20.Bg2 Rbd8 21.d5 Qe5 22.b3 Nf6
23.Nxf6+ Bxf6 24.Bf4 Qb2 25.Bc7 Qxd2 26.Rxd2 Ra8 27.dxc6 bxc6 28.Rcd1 Kf8
29.Rd8 e5 30.Bd6+ Be7 31.Rxa8 Rxa8 32.Bxb4 Bxb4 33.Bxc6 Ra6 34.Rd8+ Ke7 35.Re8+ Kf6
36.Bd5 Rb6 37.Ra8 Kg7 38.Kf1 Be7 39.Ra7 Kf8 40.Ra8+ Kg7 41.Ra7 Kf8 42.c5 Bxc5
43.Rxf7+ Ke8 44.Rxh7 Rd6 45.Be4 Rb6 46.Rc7 Bd4 47.h4 Kf8 48.Ke2 Rf6 49.f3 Rf7
50.Rc6 Ke7 51.Rxg6 Kf8 52.Rc6 Kg7 53.h5 Rf6 54.Rc7+ Kh6 55.g4 Rb6 56.Bc2 Rf6
57.Rc8 Bb6 58.Rg8 Rc6 59.Be4 Rd6 60.Re8 Bd4 61.Rc8 Bb6 62.Rb8 Ba7 63.Rb5 Bd4
64.Rxa5 Bc3 65.Rd5 Ra6 66.Rc5  1-0

[Event "23rd Czech Open A"]
[Site "Pardubice CZE"]
[Date "2012.07.27"]
[Round "8.99"]
[White "Gagarin,V"]
[Black "Golubov,Saveliy"]
[Result "1/2-1/2"]
[WhiteElo "2372"]
[BlackElo "2136"]

1.d4 Nf6 2.c4 g6 3.Nf3 Bg7 4.g3 O-O 5.Bg2 d6 6.Nc3 Nc6 7.O-O Bd7 8.d5 Na5
9.b3 c5 10.dxc6 bxc6 11.Bg5 h6 12.Bf4 e5 13.Bc1 Qe7 14.Ba3 Nb7 15.e4 Bg4
16.h3 Bxf3 17.Qxf3 Ne8 18.h4 h5 19.Bh3 Nc7 20.Rac1 Ne6 21.Bxe6 fxe6 22.Qe2 c5
23.Rcd1 Bh6 24.Rd3 a6 25.Rfd1 Rad8 26.Na4 Qc7 27.Rf3 Rxf3 28.Qxf3 Rf8 29.Qe2 Qc6
30.Bb2 Kh7 31.Bc3 Qc7 32.Rd3 Rd8 33.Qd1 Bg7 34.Qe2 Bh6 35.Qd1 Bg7  1/2-1/2

[Event "27th Avoine Open"]
[Site "Avoine FRA"]
[Date "2012.07.28"]
[Round "8.14"]
[White "Le Masle,R"]
[Black "Pietrasanta,J"]
[Result "1-0"]
[WhiteElo "2007"]
[BlackElo "2272"]

1.Nf3 g6 2.d4 Bg7 3.c4 d6 4.g3 Nf6 5.Bg2 O-O 6.O-O c6 7.Nc3 Na6 8.h3 Nc7
9.e4 Nd7 10.Be3 b5 11.cxb5 cxb5 12.Qd2 b4 13.Ne2 a5 14.g4 e5 15.dxe5 dxe5
16.Rfd1 Ne6 17.Rac1 Ba6 18.Ng3 Nb8 19.Qxd8 Nxd8 20.Rd6 Ne6 21.Bf1 Nf4 22.Kh2 Re8
23.Rcd1 Bxf1 24.Nxf1 Na6 25.N1d2 Nc7 26.Nc4 a4 27.Nfxe5 Rxe5 28.Bxf4 Rxe4
29.Rd8+ Rxd8 30.Rxd8+ Bf8 31.Bxc7  1-0

[Event "21st Kavala Open A"]
[Site "Kavala GRE"]
[Date "2012.07.28"]
[Round "5"]
[White "Malikentzos,S"]
[Black "Michelakos,P"]
[Result "1-0"]
[WhiteElo "2324"]
[BlackElo "2168"]

1.d4 Nf6 2.c4 g6 3.Nf3 Bg7 4.g3 O-O 5.Bg2 d6 6.O-O Nc6 7.Nc3 a6 8.b3 Rb8
9.Nd5 Nd7 10.Bb2 e6 11.Ne3 Ne7 12.Rc1 b6 13.Qc2 Bb7 14.Rfd1 h6 15.c5 Rc8
16.b4 Nf6 17.a4 Be4 18.Qb3 Nfd5 19.Nxd5 Nxd5 20.Bf1 Ne7 21.Nd2 Bd5 22.Qd3 bxc5
23.bxc5 Bc6 24.cxd6 cxd6 25.Qa3 Rb8 26.Nc4 d5 27.Ne5 Bxa4 28.Qxa4 Bxe5 29.Rc2 Bd6
30.Bc1 Kg7 31.Qxa6 Qb6 32.Qd3 Rfc8 33.Rb2 Qa7 34.Qd2 Ng8 35.Ra2 Qc7 36.Ra1 Qc3
37.Ra7 Rb1 38.Qxc3 Rxc3 39.Bxh6+ Nxh6 40.Rxb1 Rc2 41.h3 Kf6 42.e3  1-0

[Event "23rd Czech Open A"]
[Site "Pardubice CZE"]
[Date "2012.07.28"]
[Round "9.27"]
[White "Harika,D"]
[Black "Dann,M"]
[Result "1/2-1/2"]
[WhiteElo "2499"]
[BlackElo "2428"]

1.Nf3 Nf6 2.c4 g6 3.g3 Bg7 4.d4 O-O 5.Bg2 d6 6.O-O Bd7 7.Nc3 Qc8 8.Re1 Bh3
9.e4 Nc6 10.d5 Bxg2 11.Kxg2 Nb8 12.e5 dxe5 13.Nxe5 c6 14.Qf3 cxd5 15.cxd5 Nbd7
16.Nd3 e6 17.Bf4 Nc5 18.Nxc5 Qxc5 19.d6 Nh5 20.Ne4 Nxf4+ 21.Qxf4 Qb6 22.Red1 Rad8
23.Rac1 Qxb2 24.Rc7 a5 25.Rd2 Qe5 26.Qxe5 Bxe5 27.f4 Bg7 28.Rxb7 e5 29.d7 exf4
30.gxf4 Ra8 31.Re2 Rfd8 32.Nd6 Bf8 33.Nc4 Kg7 34.Nb6 Ra6 35.Re8 Rxb6 36.Rxb6 Rxd7
37.Rb2 Bb4 38.Re3 Rd4 39.Rf3 Bd6 40.f5 g5 41.Rbb3 Rd2+ 42.Rf2 Rd4 43.Rb7 h5
44.Rd7 g4 45.Re2 Kf6 46.Ree7 Rd2+ 47.Kf1  1/2-1/2

[Event "23rd Czech Open A"]
[Site "Pardubice CZE"]
[Date "2012.07.28"]
[Round "9.66"]
[White "Chetverik,M"]
[Black "Savitskiy,S"]
[Result "0-1"]
[WhiteElo "2272"]
[BlackElo "2367"]

1.d4 Nf6 2.c4 g6 3.Nf3 Bg7 4.g3 O-O 5.Bg2 d6 6.O-O Nc6 7.Nc3 a6 8.h3 Rb8
9.e4 b5 10.cxb5 axb5 11.Re1 e5 12.dxe5 Nxe5 13.Nxe5 dxe5 14.Bg5 c6 15.Qc2 Be6
16.b3 Qc8 17.Kh2 h6 18.Be3 Nd7 19.Red1 Re8 20.Qd2 Kh7 21.Rac1 Qb7 22.Rc2 Rbd8
23.Qc1 Nb8 24.Bc5 Rxd1 25.Nxd1 Rd8 26.Nb2 Na6 27.Bf1 f5 28.Bd3 f4 29.Bf1 Nxc5
30.Rxc5 Qa7 31.Kg2 fxg3 32.fxg3 Qxa2 33.Rxc6 Bxb3 34.Be2 Rd7 35.h4 Bf7 36.g4 Rd4
37.h5 Rb4 38.Rc2 Rxe4 39.Bf3 Rd4 40.Nd1 Qe6 41.Ne3 gxh5 42.gxh5 Rh4 43.Rc6 Qh3+
44.Kf2 Rf4  0-1

[Event "PAB Romania Open 2012"]
[Site "Arad ROU"]
[Date "2012.07.29"]
[Round "4.14"]
[White "Deac,Bogdan-Daniel"]
[Black "Cabrilo,G"]
[Result "0-1"]
[WhiteElo "1950"]
[BlackElo "2478"]

1.d4 Nf6 2.c4 d6 3.Nf3 g6 4.g3 Bg7 5.Bg2 O-O 6.Nc3 Nbd7 7.O-O e5 8.e4 c6
9.h3 a6 10.a4 a5 11.Be3 exd4 12.Nxd4 Re8 13.Re1 Nc5 14.Qc2 Nfd7 15.Rad1 Qe7
16.f4 Na6 17.Bf2 Ndc5 18.Bf1 Bd7 19.g4 Rad8 20.Bg2 Bc8 21.Rd2 Qc7 22.Nb3 b6
23.Nd4 Nb4 24.Qd1 Ba6 25.b3 Bb7 26.Na2 Nxa2 27.Rxa2 d5 28.cxd5 Qxf4 29.Ne2 Qd6
30.Ng3 h6 31.Nf1 Ba6 32.Re3 cxd5 33.exd5 Rxe3 34.Bxe3 Re8 35.Bd2 Ne4 36.Be1 Nc3
37.Bxc3 Bxc3 38.Qf3 Bb4 39.Kh1 Bc5 40.Ra1 Qe5 41.Rc1 Bd6 42.Kg1 Qb2 43.Rc6 Bc5+
44.Kh1 Qd4 45.Kh2 Qg1+ 46.Kg3 Bxf1 47.Qxf1 Re3+ 48.Kh4 Be7+  0-1

[Event "21st Kavala Open A"]
[Site "Kavala GRE"]
[Date "2012.07.29"]
[Round "6"]
[White "Ilic,Zo1"]
[Black "Papakonstantinou,Di1"]
[Result "1/2-1/2"]
[WhiteElo "2344"]
[BlackElo "2117"]

1.d4 Nf6 2.Nf3 g6 3.c4 Bg7 4.g3 O-O 5.Bg2 d6 6.O-O Nbd7 7.Nc3 e5 8.e4 c6
9.b3 Re8 10.h3 a6 11.Re1 b5 12.cxb5 axb5 13.d5 cxd5 14.Nxd5 Bb7 15.Nxf6+ Nxf6
16.Bg5 h6 17.Bxf6 Bxf6 18.Qd3 Qb6 19.Nd2 Red8 20.a4 d5 21.Qxb5 Qxb5 22.axb5 Rab8
23.Bf1 Bg5 24.Nf3 Bf6 25.Nd2 Bg5 26.Nf3 Bf6 27.Nd2 Bg5  1/2-1/2

[Event "TCh-CRC Premier 2012"]
[Site "San Jose CRC"]
[Date "2012.07.29"]
[Round "9.5"]
[White "Ramirez,Alej"]
[Black "Chinchilla,E"]
[Result "1-0"]
[WhiteElo "2576"]
[BlackElo "2185"]

1.d4 Nf6 2.c4 g6 3.Nf3 Bg7 4.g3 O-O 5.Bg2 d6 6.O-O Nc6 7.Nc3 a6 8.h3 Bd7
9.e4 e5 10.dxe5 dxe5 11.Be3 h6 12.Qc2 Nh7 13.Rad1 Qc8 14.Kh2 Re8 15.Nd5 Nf8
16.Qd2 Kh7 17.b4 b5 18.Rc1 Qb7 19.Rc2 Rad8 20.cxb5 axb5 21.Qc1 Ne6 22.Rd1 g5
23.h4 g4 24.Ne1 Ncd4 25.Bxd4 Nxd4 26.Rxc7 Qa6 27.Qb1 Be6 28.Nc2 Nxc2 29.Rxc2 Ra8
30.Nc7 Bxa2 31.Qb2  1-0

[Event "Politiken Cup 2012"]
[Site "Helsingor DEN"]
[Date "2012.07.30"]
[Round "4.36"]
[White "Veng,J"]
[Black "Pedersen,Christo"]
[Result "1/2-1/2"]
[WhiteElo "2274"]
[BlackElo "2041"]

1.d4 g6 2.Nf3 Bg7 3.c4 d6 4.g3 Nf6 5.Bg2 O-O 6.O-O Nc6 7.Nc3 a6 8.Qd3 e5
9.dxe5 dxe5 10.Qxd8 Rxd8 11.Bg5 Be6 12.Nd2 h6 13.Bxf6 Rxd2 14.Bxg7 Kxg7 15.Bxc6 bxc6
16.b3 Bh3 17.Rfd1 Rad8 18.f3 Bf5 19.Kf2 R8d6 20.g4 Bc8 21.Ke1 Rxd1+ 22.Rxd1 f5
23.gxf5 gxf5 24.Kf2 Kf7 25.e3 Ke7 26.Ke2 Rg6 27.Kf2 Rd6 28.Ke2 Rg6  1/2-1/2

[Event "Politiken Cup 2012"]
[Site "Helsingor DEN"]
[Date "2012.08.01"]
[Round "6.20"]
[White "Percivaldi,Martin"]
[Black "Fossan,P"]
[Result "0-1"]
[WhiteElo "2015"]
[BlackElo "2255"]

1.d4 Nf6 2.c4 g6 3.g3 Bg7 4.Bg2 O-O 5.Nf3 d6 6.Nc3 Nbd7 7.O-O e5 8.e4 a6
9.h3 b5 10.cxb5 axb5 11.Re1 Rb8 12.dxe5 dxe5 13.Bg5 h6 14.Bxf6 Qxf6 15.Nd5 Qd6
16.Qc2 c5 17.a4 bxa4 18.Rxa4 Nb6 19.Ra5 Nxd5 20.exd5 Qxd5 21.Rxc5 Qb3 22.Qxb3 Rxb3
23.Nxe5 Rxb2 24.Nc6 Bd7 25.Rd1 Be6 26.Ne7+ Kh7 27.Nd5 Rd8 28.Rcc1 h5 29.Ne3 Rxd1+
30.Rxd1 h4 31.g4 Be5 32.Nd5 Kg7 33.f4 Bd6 34.Rf1 Rxg2+ 35.Kxg2 Bxd5+ 36.Kg1 Bc5+
37.Kh2 Bd6 38.Kg1 f5 39.Kh2 g5 40.gxf5 Bxf4+ 41.Kg1 Be3+ 42.Kh2 Bf4+ 43.Kg1 Be3+
44.Kh2 Kf6 45.Ra1 Be4 46.Ra5 Bd4 47.Ra4 Be5+ 48.Kg1 Kxf5 49.Rb4 Kf4 50.Ra4 Bd6
51.Rc4 Kf3 52.Rc3+ Ke2 53.Rc4 Bd3 54.Rc3 Bf4 55.Ra3 Bc4 56.Rc3 Bd5 57.Ra3 Be3+
58.Kh2 Kf2 59.Ra4 Be6 60.Ra5 Bf4+ 61.Kh1 Bxh3 62.Ra2+ Kf3 63.Kg1 Be6 64.Rf2+ Kg4
65.Rg2+ Bg3 66.Rd2 Bf5 67.Rd4+ Kf3 68.Rd5 Kf4 69.Ra5 h3  0-1

[Event "Politiken Cup 2012"]
[Site "Helsingor DEN"]
[Date "2012.08.03"]
[Round "8.60"]
[White "Lofgren,C"]
[Black "Karlsson,Robin"]
[Result "1/2-1/2"]
[WhiteElo "2111"]
[BlackElo "1978"]

1.d4 Nf6 2.c4 g6 3.g3 Bg7 4.Bg2 d6 5.Nf3 O-O 6.O-O Nc6 7.Nc3 a6 8.h3 Rb8
9.b3 b5 10.cxb5 axb5 11.Bb2 Nd7 12.d5 Nce5 13.Nd4 b4 14.Na4 Nb6 15.Nxb6 Rxb6
16.f4 Nd7 17.Nc6 Qe8 18.Bxg7 Kxg7 19.Qd4+ Kg8 20.Nxb4 e5 21.dxe6 fxe6 22.Qd2 Bb7
23.Bxb7 Rxb7 24.e4 Nc5 25.Rae1 Qb5 26.Nc2 Qb6 27.Kh1 Ra8 28.Nd4 Qb4 29.Qe3 Rxa2
30.f5 e5 31.fxg6 Qd2 32.Rf8+ Kg7 33.Qxd2 Rxd2 34.Ref1 exd4 35.gxh7 Kxh7 36.R8f7+  1/2-1/2

[Event "22nd Pobla De Lillet Open"]
[Site "La Pobla de Lillet ESP"]
[Date "2012.08.03"]
[Round "3.6"]
[White "Roca Diaz,M"]
[Black "Valdes,Le"]
[Result "0-1"]
[WhiteElo "2045"]
[BlackElo "2366"]

1.d4 Nf6 2.c4 g6 3.g3 Bg7 4.Bg2 d6 5.Nf3 O-O 6.Nc3 Nbd7 7.O-O e5 8.e4 a6
9.Re1 exd4 10.Nxd4 Ng4 11.f4 c6 12.h3 Qb6 13.Ne2 Ngf6 14.Kh2 Re8 15.Nc3 Nxe4
16.Rxe4 Rxe4 17.Nxe4 Bxd4 18.Nxd6 Nf6 19.Nxc8 Rxc8 20.Rb1 Rd8 21.Qc2 Bg1+
22.Kh1 Nh5 23.c5 Bxc5 24.g4 Qb4 25.Bf1 Qe1 26.Qxc5 Qxf1+ 27.Qg1 Qxh3+  0-1

[Event "Politiken Cup 2012"]
[Site "Helsingor DEN"]
[Date "2012.08.04"]
[Round "9.20"]
[White "Brorsen,J"]
[Black "Matthiesen,M"]
[Result "1/2-1/2"]
[WhiteElo "2121"]
[BlackElo "2285"]

1.d4 Nf6 2.c4 g6 3.g3 Bg7 4.Bg2 d6 5.Nf3 O-O 6.O-O Nbd7 7.Nc3 e5 8.e4 c6
9.Rb1 exd4 10.Nxd4 Re8 11.Nc2 Nc5 12.Re1 Ng4 13.h3 Ne5 14.Bf1 f5 15.b4 Nxe4
16.Nxe4 fxe4 17.Rxe4 Bf5 18.Re3 Qd7 19.f4 Nf7 20.Kh2 d5 21.Rbb3 Be4 22.Bb2 Nd6
23.Bxg7 Qxg7 24.cxd5 Bxd5 25.Rbd3 Nf5 26.Rxe8+ Rxe8 27.a3 Qb2 28.Qd2 Ne3
29.Rxe3 Rxe3 30.Qxe3 Qxc2+ 31.Kg1  1/2-1/2

[Event "10th EU U14 2012"]
[Site "Mureck AUT"]
[Date "2012.08.04"]
[Round "4.14"]
[White "Suchomelova,Simona"]
[Black "Lagunow,Raphael"]
[Result "1-0"]
[WhiteElo "1742"]
[BlackElo "1878"]

1.d4 Nf6 2.Nf3 g6 3.c4 Bg7 4.g3 O-O 5.Bg2 d6 6.O-O Nc6 7.Nc3 Bd7 8.h3 a6
9.e4 Qc8 10.Kh2 e5 11.Be3 exd4 12.Nxd4 Ne5 13.b3 Rb8 14.Qc2 c5 15.Nde2 b5
16.cxb5 axb5 17.Rad1 Rb6 18.Nf4 Be6 19.Ncd5 Nxd5 20.Nxd5 Rb7 21.Nf4 Rd7 22.Nxe6 fxe6
23.f4 Nc6 24.Qe2 Bd4 25.Rc1 e5 26.fxe5 Bxe3 27.Qxe3 Nxe5 28.Rfd1 Qd8 29.Rd5 Qf6
30.Rcd1 Rfd8 31.Qf4 Qe7 32.Qd2 Nc6 33.Rd3 Nd4 34.b4 Qe5 35.Rc1 Rf8 36.a3 Rdf7
37.Qc3 Ne2 38.Qxe5 dxe5 39.Rxc5 Rf2 40.Rxe5 Nc1 41.Rc3 Ne2 42.Rc7 Nd4 43.Ree7 Rd8
44.Red7 Rxd7 45.Rxd7 Nf3+ 46.Kh1 Ne1 47.Kg1 Rxg2+ 48.Kf1 Rxg3 49.Kxe1 Rxa3
50.Kd2 Rxh3 51.Rd5 Kf7 52.Rxb5 Ke6 53.Rd5 Rb3 54.b5 h5 55.Kc2 Rb4 56.Kd3 h4
57.Rg5 Kf6 58.Rg4 h3 59.e5+ Kxe5 60.Rxb4 g5 61.Ke3  1-0

[Event "16th HZ Open"]
[Site "Vlissingen NED"]
[Date "2012.08.05"]
[Round "2"]
[White "Bollen,G"]
[Black "Arjun,B"]
[Result "1/2-1/2"]
[WhiteElo "1967"]
[BlackElo "2261"]

1.d4 Nf6 2.c4 g6 3.g3 Bg7 4.Nf3 O-O 5.Bg2 d6 6.Nc3 Nc6 7.O-O a6 8.e4 Rb8
9.a4 Bd7 10.h3 Qc8 11.Kh2 Na5 12.b3 c5 13.Be3 cxd4 14.Nxd4 Nc6 15.Nde2 Ne8
16.Rc1 Nc7 17.Nd5 Re8 18.b4 b5 19.cxb5 axb5 20.Nb6 Qd8 21.Nxd7 Qxd7 22.Qc2 Nxb4
23.Qxc7 Qxc7 24.Rxc7 bxa4 25.Bd4 a3 26.Ra1 a2 27.Bxg7 Kxg7 28.Nc3 Rec8 29.Rxc8 Rxc8
30.Nd5 Nxd5 31.exd5 Rc2 32.Kg1 f5 33.Bf1 Kf6 34.Bd3 Rc3 35.Bf1  1/2-1/2

[Event "Wasselonne Open 2012"]
[Site "Wasselonne FRA"]
[Date "2012.08.05"]
[Round "7.3"]
[White "Hirschberg,V"]
[Black "Carrillo,J"]
[Result "1-0"]
[WhiteElo "2283"]
[BlackElo "2101"]

1.Nf3 Nf6 2.g3 g6 3.Bg2 Bg7 4.c4 d6 5.d4 O-O 6.Nc3 Nbd7 7.O-O e5 8.e4 Re8
9.h3 c6 10.Be3 a5 11.Qc2 h6 12.Rad1 Qe7 13.Rfe1 g5 14.Nh2 Nf8 15.Nf1 Ne6
16.d5 Nc5 17.Bxc5 dxc5 18.Ne3 Bf8 19.Na4 Qc7 20.Qb3 Ra6 21.Re2 Bd7 22.Nc3 g4
23.hxg4 Nxg4 24.Nxg4 Bxg4 25.f3 Bc8 26.Red2 cxd5 27.Nxd5 Qc6 28.Kh2 Bg7 29.Qb5 Qxb5
30.cxb5 Rg6 31.Ne7+ Rxe7 32.Rd8+ Kh7 33.Rxc8 b6 34.Bh3 Rg5 35.Rd6 h5 36.Bf5+ Rxf5
37.exf5 Bh6 38.f6 Rb7 39.Re8 Bc1 40.Re7  1-0

[Event "FSIMA August 2012"]
[Site "Budapest HUN"]
[Date "2012.08.06"]
[Round "3.2"]
[White "Kojima,S"]
[Black "Galyas,M"]
[Result "1/2-1/2"]
[WhiteElo "2282"]
[BlackElo "2412"]

1.Nf3 Nf6 2.c4 d6 3.d4 g6 4.g3 Bg7 5.Bg2 O-O 6.O-O c6 7.Nc3 Bf5 8.b3 Ne4
9.Bb2 Nxc3 10.Bxc3 Be4 11.e3 d5 12.Qe2 e6 13.Rfd1 Nd7 14.Bf1 Bxf3  1/2-1/2